Normal view
MARC view
- Education - theory and practice
Entry Topical Term
001 - CONTROL NUMBER
- control field: 86318
003 - CONTROL NUMBER IDENTIFIER
- control field: OSt
005 - DATE AND TIME OF LATEST TRANSACTION
- control field: 20250515104350.0
008 - FIXED-LENGTH DATA ELEMENTS
- fixed length control field: 250515|| aca||aabn | a|a d
040 ## - CATALOGING SOURCE
- Original cataloging agency: OSt
- Transcribing agency: OSt
150 ## - HEADING--TOPICAL TERM
- Topical term or geographic name as entry element: Education - theory and practice
670 ## - SOURCE DATA FOUND
- Source citation: Work cat.: (OSt)48933: Middlewood, David. 86315, Strategic management in schools and colleges / , 2004.